000 00612nam a2200241Ia 4500
003 OSt
005 20221005051057.0
006 a|||||r|||| 00| 0
007 ta
008 221004b |||||||| |||| 00| 0 eng d
024 _a33327
037 _cTextual
040 _aCRL
_cCRL
_beng
041 _2eng
_aeng
082 _aO:1J64:9, C9
100 _aButler Samuel
245 0 _aShakespeare's sonnet
260 _aLondon
_bA C Fifield
_c1899
300 _a328p.
_ccm.
650 _aENGLISH LITERATURE
942 _hO:1J64:9, C9
_cTEXL
_2cc
999 _c958234
_d958234